Antiquité romaine de A à Z - Statistiques

Statistiques générales
  • Ce quiz a été pris 466 fois
  • Le résultat moyen est 14 sur 26
Statistiques - réponses
Indice Réponse % Correct
A - Premier empereur romain Auguste
93%
M - Dieu de la guerre Mars
83%
B - Sénateur romain assassin de César Brutus
80%
J - Dieu du ciel Jupiter
77%
V - Déesse de l'amour Vénus
77%
X - 17 en chiffres romains XVII
75%
F - Place publique où les citoyens romains se réunissent Forum
71%
H - Général Carthaginois Hannibal
70%
N - Dernier empereur Julio-Claudien Néron
68%
R - Premier roi de Rome Romulus
66%
S - Gladiateur qui a mené une révolte d'esclaves Spartacus
64%
K - Mot allemand venant de "Caesar" Kaiser
63%
C - Célèbre orateur Cicéron
62%
E - Peuple d'Italie centrale Etrusque
53%
P - L'une des sept collines de Rome Palatin
52%
Y - Traduction de "Oculi" (pluriel de "Oculus") Yeux
52%
W - Peuple germanique Wisigoths
48%
G - Victoire de Vercingétorix Gergovie
46%
I -Titre honorifique militaire Imperator
40%
U - Terme latin pour "ville" Urbs
37%
T - L'empire connaît sa plus grande extension sous son reigne Trajan
29%
Q - Char tiré par 4 chevaux Quadrige
21%
D - Dernier de la dynastie flavienne Domitien
19%
L - Membre du second triumvirat Lépide
16%
Z - Lieu de l'affrontement entre Hannibal et Scipion Zama
15%
O - Sorte de catapulte romaine Onagre
11%
Aucun quiz correspondant
Distribution des résultats
% des personnes avec chaque résultat
Percentile par nombre de réponses
Votre historique - résultats
Vous n’avez pas pris ce quiz